Microsoft Visual Studio Team System a jeho využitie pre tvorbu distribuovaných systémov

Visual Studio Team System - integrovaná vývojová platforma pre tvorbu vysoko kvalitných aplikácií. Team System pre softvérových architektov a Distributed Systems Designers. Logical Datacenter Designer. Application Designer. System Designer. Deployment Designer.

Uložené v:
Podrobná bibliografia
Hlavný autor: Pavlov, Ilian
Médium: Kapitola
Jazyk:Slovak
Predmet:
Tagy: Pridať tag
Žiadne tagy, Buďte prvý, kto otaguje tento záznam!

MARC

LEADER 00000nla$a2200000$$$4500
001 0074499
005 20240502083212.7
041 0 |a slo 
044 |a CZ 
245 1 0 |a Microsoft Visual Studio Team System a jeho využitie pre tvorbu distribuovaných systémov  |c Ilian Pavlov 
520 |a Visual Studio Team System - integrovaná vývojová platforma pre tvorbu vysoko kvalitných aplikácií. Team System pre softvérových architektov a Distributed Systems Designers. Logical Datacenter Designer. Application Designer. System Designer. Deployment Designer. 
610 2 0 |a informatika 
610 2 0 |a systémy informačné 
610 2 0 |a programovanie 
610 2 0 |a softvér 
610 2 0 |a inžinierstvo softvérové 
100 1 |a Pavlov, Ilian